| 000 | 00886cam a22002653a 4500 | ||
|---|---|---|---|
| 001 | 2440 | ||
| 003 | PGUSA | ||
| 005 | 20140828083014.0 | ||
| 008 | 001201s2000||||xxu|||||s|||||000 | eng d | ||
| 040 |
_aPGUSA _beng |
||
| 042 | _adc | ||
| 050 | 4 | _aQH | |
| 100 | 1 |
_aBates, Henry Walter, _d1825-1892 |
|
| 245 | 1 | 4 |
_aThe Naturalist on the River Amazons _h[electronic resource] / _cHenry Walter Bates |
| 260 |
_bProject Gutenberg, _c2000 |
||
| 506 | _aPublic domain in the USA. | ||
| 516 | _aElectronic text | ||
| 653 | _aIndians of South America -- Brazil -- Social life and customs | ||
| 653 | _aBates, Henry Walter, 1825-1892 -- Travel -- Amazon River Valley | ||
| 653 | _aNatural history -- Amazon River Valley | ||
| 653 | _aAmazon River Valley -- Description and travel | ||
| 830 | 0 |
_aProject Gutenberg _v2440 |
|
| 856 | 4 | 0 | _uhttp://www.gutenberg.org/ebooks/2440 |
| 942 | _cEB | ||
| 999 |
_c231777 _d231777 |
||